Población y desarrollo agrícola. 1963-73 (Informe preliminar)
Enregistré dans:
| Auteur principal: | |
|---|---|
| Format: | Texte |
| Publié: |
Heredia:
UNA. IDESPO
|
| Tags: |
Ajouter un tag
Pas de tags, Soyez le premier à ajouter un tag!
|
MARC
| LEADER | 00000 a a2200000 04500 | ||
|---|---|---|---|
| 001 | 16434 | ||
| 003 | |||
| 040 | |a CRAI/IIS |c CRAI/IIS | ||
| 090 | |a 012700 | ||
| 100 | |a Acuña Bonilla, Olda María | ||
| 245 | |a Población y desarrollo agrícola. 1963-73 (Informe preliminar) | ||
| 260 | |a Heredia: |b UNA. IDESPO | ||
| 300 | |a 43 p. | ||
| 999 | |c 4924 |d 4924 | ||
